000 00750nam a22002057a 4500
999 _c11432
_d11432
003 AR-CdUCM
008 190404b ||||| |||| 00| 0 spa d
020 _a84-8055-056-2
040 _aMUNICIPALIDAD PROVINCIAL DEL CUSCO
_cBIBLIOTECA MUNICIPAL DEL CUSCO
082 _aES / 912.591 /
_bAT87
110 _aEdiciones cultural, s.a.
_928790
245 _aAtlas de zoología :
_bEl mundo de los animales /
260 _aMadrid :
_bCultural, s.a.,
_c1995.
300 _a112 paginas
_c35 cm.
505 _aContenido :Historia y desarrollo de la zoología -- La célula animal -- Los tejidos -- Sistemas esqueléticos -- La musculatura ...
650 _aZoología
_918986
650 _aCiencias aplicadas
_920077
942 _2ddc
_cLIBROS
945 _arum